Organizátor a dobrovoľníci - ďalší z úspešných modelov riadenia

Základné charakteristiky typu "organizátori a dobrovoľníci". Transparentný nástroj merania a monitorovania miery prispievania dobrovoľníkov. Spoločné oblasti záujmov skupiny a vytváranie dôvery s dobrovoľníkmi.

Salvato in:
Dettagli Bibliografici
Autore principale: Uriga, Ján
Natura: Capitolo di libro
Lingua:slovacco
Soggetti:
Tags: Aggiungi Tag
Nessun Tag, puoi essere il primo ad aggiungerne!!

MARC

LEADER 00000naa a2200000 4500
001 0147682
005 20230912101635.7
041 0 |a slo 
044 |a SK 
245 1 0 |a Organizátor a dobrovoľníci - ďalší z úspešných modelov riadenia  |c Ján Uriga 
520 |a Základné charakteristiky typu "organizátori a dobrovoľníci". Transparentný nástroj merania a monitorovania miery prispievania dobrovoľníkov. Spoločné oblasti záujmov skupiny a vytváranie dôvery s dobrovoľníkmi. 
610 2 0 |a modely riadenia 
610 2 0 |a komunikácia firemná 
610 2 0 |a vedenie 
610 2 0 |a pružnosť organizácie 
610 2 0 |a dobrovoľníctvo 
610 2 0 |a potenciál ľudský 
100 1 |a Uriga, Ján